CARLTON 2025 LIST - Statistics

General Stats
  • This quiz has been taken 70 times
  • The average score is 34 of 56
Answer Stats
NO. NAME % Correct
10 HARRY MCKAY
100%
12 TOM DE KONING
100%
42 ADAM SAAD
95%
30 CHARLIE CURNOW
95%
3 JESSE MOTLOP
95%
9 PATRICK CRIPPS
95%
18 SAM WALSH
95%
20 ELIJAH HOLLANDS
90%
1 JACK SILVAGNI
90%
SENIOR COACH MICHAEL VOSS
90%
4 OLIVER HOLLANDS
90%
5 ADAM CERRA
86%
23 JACOB WEITERING
81%
7 JAGGA SMITH
81%
6 ZAC WILLIAMS
81%
13 BLAKE ACRES
76%
27 MARC PITTONET
76%
43 ASHTON MOIR
71%
19 COREY DURDIN
71%
45 FLYNN YOUNG
71%
8 LACHIE FOGARTY
71%
2 LACHLAN COWAN
71%
33 LEWIS YOUNG
71%
32 MATTHEW CARROLL
71%
46 MATTHEW COTTRELL
71%
29 GEORGE HEWETT
67%
40 HUDSON O'KEEFFE
67%
11 MITCH MCGOVERN
67%
24 NIC NEWMAN
67%
17 BRODIE KEMP
62%
44 FRANCIS EVANS
62%
26 NICK HAYNES
62%
15 SAM DOCHERTY
62%
14 ORAZIO FANTASIA
57%
38 WILL WHITE
57%
16 BEN CAMPOREALE
52%
35 BILLY WILLSON
52%
36 COOPER LORD
52%
21 LUCAS CAMPOREALE
52%
31 HARRY LEMMEY
48%
22 HARRY O'FARRELL
48%
25 JAXON BINNS
43%
37 JORDAN BOYD
43%
41 MATT DUFFY
43%
RUCK COACH MATTHEW KREUZER
43%
39 ALEX CINCOTTA
38%
34 ROB MONAHAN
38%
28 HARRY CHARLESON
29%
SENIOR ASSISTANT COACH ASHLEY HANSEN
19%
BACK LINE COACH AARON HAMILL
14%
MIDFIELD COACH TIM CLARKE
14%
DEVELOPMENT AND TALENT MANAGER TOM LONERGAN
14%
COACHING AND PERFORMANCE MANAGER AARON GREAVES
10%
HEAD OF DEVELOPMENT BRAD EBERT
10%
FORWARD LINE COACH JORDAN RUSSELL
10%
DEVELOPMENT COACH TORIN BAKER
10%
No matching quizzes found
Score Distribution
Percent of People with Each Score
Percentile by Number Answered
Your Score History
You have not taken this quiz